000
00261nam a22001097a 4500
082
_a
678.2 CRA'R
100
_a
CRAIG, ALEXANDER S
_9
58158
245
_a
RUBBER TECHNOLOGY A BASIC COURSE
260
_a
LONDON
_b
OLICVER & BOYD
_c
1963
300
_a
222P
942
_c
BK
999
_c
568369
_d
568369